000 00757cam a22002411 4500
001 sa 64001463
003 DLC
005 20260227112002.0
008 800514s1963 ii a b 000 0 eng
010 _asa 64001463
025 _aPL480:I-E-1820
035 _a(OCoLC)6315373
040 _aDLC
_cTxCM
_dOCoLC
_dDLC
042 _apremarc
050 0 0 _aHC440.I5
_bI56
110 2 _aIndian Merchants' Chamber.
_bEconomic Research and Training Foundation.
245 1 0 _aNational income of India:
_bgrowth and distribution, 1950-51 to 1960-61; facts and problems.
260 _aBombay
_c[1963]
300 _aviii, 271 p.
_btables.
_c23 cm.
490 0 _aResearch publication series ;
_v4
504 _aBibliography: p. [267]-268.
650 0 _aIncome
_zIndia.
999 _c56758
_d56758